De vuelta a la economía de la gran depresión (Registro nro. 6969)

Detalles MARC
000 -LEADER
fixed length control field 01682cam a2200373 a 4500
003 - CONTROL NUMBER IDENTIFIER
control field OSt
005 - DATE AND TIME OF LATEST TRANSACTION
control field 20201026114511.0
008 - FIXED-LENGTH DATA ELEMENTS--GENERAL INFORMATION
fixed length control field 130226t 1999ck r 000 0 spa d
020 ## - INTERNATIONAL STANDARD BOOK NUMBER
International Standard Book Number 9580454213
040 ## - CATALOGING SOURCE
Original cataloging agency CO-BoBLA
Language of cataloging spa
Transcribing agency CO-JMCR
041 1# - LANGUAGE CODE
Language code of text/sound track or separate title spa
Language code of original eng
082 04 - DEWEY DECIMAL CLASSIFICATION NUMBER
Classification number 338.542 /
Item number K943v
Edition number 23
100 1# - MAIN ENTRY--PERSONAL NAME
Personal name Krugman, Paul R.
Relator term autor
9 (RLIN) 11949
245 10 - TITLE STATEMENT
Title De vuelta a la economía de la gran depresión
Statement of responsibility, etc. Paul R. Krugman ; traducción de Bernardo Recamán Santos
250 ## - EDITION STATEMENT
Edition statement Primera edicicón
260 ## - PUBLICATION, DISTRIBUTION, ETC.
Place of publication, distribution, etc. Bogotá :
-- Buenos Aires :
Name of publisher, distributor, etc. Grupo Editorial Norma
Date of publication, distribution, etc. c1999.
300 ## - PHYSICAL DESCRIPTION
Extent 257 páginas ;
Dimensions 22 cm.
490 0# - SERIES STATEMENT
Series statement Colección vitral
500 ## - GENERAL NOTE
General note Datos biográficos del autor en solapa frontal.
505 0# - FORMATTED CONTENTS NOTE
Formatted contents note Julio 1 de 1997 -- un curso breve sobre milagros -- El futuro que no funciona -- Todos caen -- El juego de la confianza -- Amos de la confianza -- Amos del universo -- ¿Tocando fondo? -- De vuelta a la economía de la gran depresión
534 ## - ORIGINAL VERSION NOTE
Title statement of original Return of depression economics.
650 14 - SUBJECT ADDED ENTRY--TOPICAL TERM
Topical term or geographic name entry element Crisis económica
Chronological subdivision 1929
9 (RLIN) 11950
650 24 - SUBJECT ADDED ENTRY--TOPICAL TERM
Topical term or geographic name entry element Crisis económica
Chronological subdivision Siglos XX-XXI
9 (RLIN) 11951
650 24 - SUBJECT ADDED ENTRY--TOPICAL TERM
Topical term or geographic name entry element Ciclos económicos
Chronological subdivision Siglos XX-XXI
9 (RLIN) 11952
650 24 - SUBJECT ADDED ENTRY--TOPICAL TERM
Topical term or geographic name entry element Crisis financiera
Chronological subdivision Siglos XX-XXI
9 (RLIN) 11953
650 24 - SUBJECT ADDED ENTRY--TOPICAL TERM
Topical term or geographic name entry element Crisis financiera global, 2008-2009
9 (RLIN) 11954
650 24 - SUBJECT ADDED ENTRY--TOPICAL TERM
Topical term or geographic name entry element Política económica
Chronological subdivision Siglos XX-XXI
9 (RLIN) 11955
650 24 - SUBJECT ADDED ENTRY--TOPICAL TERM
Topical term or geographic name entry element Desarrollo económico
Chronological subdivision Siglos XX-XXI
9 (RLIN) 11956
650 24 - SUBJECT ADDED ENTRY--TOPICAL TERM
Topical term or geographic name entry element Historia económica
Chronological subdivision Siglos XX-XXI
9 (RLIN) 11957
700 1# - ADDED ENTRY--PERSONAL NAME
Personal name Recamán Santos, Bernardo
Relator term traductor
9 (RLIN) 11958
942 ## - ADDED ENTRY ELEMENTS (KOHA)
Source of classification or shelving scheme Dewey Decimal Classification
Koha item type Books
Existencias
Withdrawn status Lost status Source of classification or shelving scheme Damaged status Not for loan Home library Current library Shelving location Date acquired Source of acquisition Total Checkouts Full call number Barcode Date last seen Copy number Price effective from Koha item type
    Dewey Decimal Classification     Biblioteca Pública José María del Castillo y Rada Biblioteca Pública José María del Castillo y Rada General Stacks 10/02/2020 Donación   338.542 / K943v 201810011 05/16/2024 Ej.2 10/02/2020 Books